| 000 | 00955naa a2200241 u 4500 | ||
|---|---|---|---|
| 001 | 06357 | ||
| 003 | HDC | ||
| 007 | cr bn|---aauu| | ||
| 008 | 210123e2008 xx | a z000 s eng d | ||
| 040 | _aHDC | ||
| 100 |
_aY.B. Tan Sri Muhyiddin Hj. Mohd Yassin _96716 |
||
| 245 | 0 |
_aMEMPERKASA EKONOMI UMMAH MELALUI PEMANTAPAN JARINGAN TEMPATAN DAN PENEROKAAN BERKESAN DALAM PASARAN GLOBAL: _bPERSIAPAN MENDEPANI CABARAN BARU EKONOMI DUNIA / _cby Y.B. Tan Sri Muhyiddin Hj. Mohd Yassin |
|
| 260 |
_a[No place] : _b[publisher not identified], _c[no year] |
||
| 300 | _a4 pages | ||
| 336 |
_atext _2rdacontent |
||
| 337 |
_acomputer _2rdamedia |
||
| 338 |
_aonline resource _2rdacarrier |
||
| 650 |
_aEkonomi _96434 |
||
| 650 |
_aPasaran global _96717 |
||
| 856 | _zRequest full-text at [email protected] | ||
| 942 | _2lcc | ||
| 942 | _cSPE | ||
| 999 |
_c3681 _d3681 |
||